1222 1880 1861 1946 1778 1272 1489 1468 1855 1081 1829 1995 1804 1632 1552 1374 1115 1030 1601 1907 1106 1457 1130 1980 1065 1507 1351 1796 1726 1137 1993 1052 1765 1084 1058 1744 1170 1760 1127 1285 1800 1086 1295 1305 1309 1299 1955 1410 1435 1085 1485 1659 1030 1956 1157 1351 1033 1107 1319 1350 1856 1932 1001 1529 1836 1930 1444 1976 1006 1633 1171 1120 1421 1534 1642 1369 1534 1307 1642 1972 1451 1799 1489 1369 1706 1659 1986 1082 1007 1146 1500 1146 1817 1569 1291 1937 1441 1637 1511 BCNSPRNW ULIB Ver.6.0+V

เปลี่ยนเป็นภาษาไทย

Change to English
 แสดงรายละเอียดบรรณานุกรม
  กลับหน้าหลัก

Brief Record : Get Marc (ISO 2709) : E-mail record : QR code < ปิดหน้าต่าง
LEADER : 00000nam 2200000uu 4500
001    13399120529
003     ULIB
008    120924s2552||||th 000 0 tha d
020    ^a9786117030062
060 04 ^aWB537^bช572พ 2552
100 0  ^aชินแสนที
245 10 ^aพลังนิ้วกดจุดบำบัดโรค :^bคู่มือศาสตร์กดจุดสะท้อนฝ่าเท้า 5,000ปี /^cชินแสนที
250    ^aพิมพ์ครั้งที่ 1
260    ^aกรุงเทพฯ :^bอนิเมทกร๊ป,^c2552
300    ^aหน้า :^bภาพประกอบ ;^c30 ซม.
650  7 ^aการกดจุด
650  7 ^aการนวด
945    ^p99^l0^i16667
995    ^aกัณชพร
999 ^a ใช้งานได้ทุกระบบ
รายการนี้ยังไม่มีแท็ก
คุณยังไม่ได้ล็อกอิน คุณสามารถมีกิจกรรมร่วมกับเว็บไซต์ได้ แต่ต้องล็อกอินก่อน ::
  ล็อกอิน

รายการสื่อสารสนเทศ

ลำดับที่ ประเภท เลขเรียก/บาร์โค้ด สถานที่ สถานะ
- ไม่พบข้อมูล -

รายการใกล้เคียง
    ผู้แต่ง [ชินแสนที]

    หัวเรื่อง [การกดจุด]
    หัวเรื่อง [การนวด]

BibComment


ยังไม่เคยถูกคอมเมนท์

คอมเมนท์ทรัพยากรรายการนี้
  คอมเมนท์: พลังนิ้วกดจุดบำบ..


 Copyright 2026. Bcnsprnw @Library